Confucius and ancient China
| Main Author: | |
|---|---|
| Format: | Book |
| Published: |
England :
Wayland ,
x1986
|
| Series: | Life and Times
|
| Subjects: |
MARC
| LEADER | 00000cam a2200000 7i4500 | ||
|---|---|---|---|
| 001 | 0000002117 | ||
| 002 | 000002313 | ||
| 005 | 20081112.0 | ||
| 020 | |a 0850786495 | ||
| 090 | 0 | 0 | |a J 909 |b ROW |
| 100 | 1 | |a Rowland-Entwistle, Theodore | |
| 245 | 1 | 0 | |a Confucius and ancient China |c Theodore Rowland-Entwistle |
| 260 | |a England : |b Wayland , |c x1986 | ||
| 300 | |a 61p. : |b ill ; |c 23cm. | ||
| 490 | 0 | |a Life and Times | |
| 651 | 0 | |a China |x History |x Juvenile literature | |
| 999 | |a 033686 |b BUKU |c PINJAMAN |e PERPUSTAKAAN KOMUNITI PETALING JAYA | ||